000 00853nam a2200265Ia 4500
005 20211111075306.0
008 130821s1980 sp gr spa
020 _a8432302716
040 _aCo-BoUCM
_bspa
041 0 0 _aspa
100 1 _aDesai, Meghnad
_9107631
245 1 0 _aLecciones de teoría económica marxista
_cMeghnad Desai
250 _a2a. Ed.
260 _aMadrid (España)
_bSiglo XXI Editores
_c1980
300 _a242 páginas
504 _aIncluye bibliografía
650 0 4 _aEconomía marxista
_913702
650 0 4 _aMarxismo
_919003
650 0 4 _aSistemas económicos
_924652
650 0 4 _aSocialismo
_xAspectos económicos
_939497
700 1 _aCarbajo Isla, Alfonso
_etrad.
_9164305
700 1 _aLavalle Cobo, Dolores
_etrad.
_9164306
942 _cLIBRO
_2DEWEY
_a7
_e2
_h335.43
_mD441L
999 _c57073
_d57073